Εφαρμοσμένη ανάλυση της ζήτησης : θεωρία, μέθοδοι και εφαρμογές
Αποθηκεύτηκε σε:
| Κύριος συγγραφέας: | |
|---|---|
| Συγγραφή απο Οργανισμό/Αρχή: | |
| Μορφή: | Βιβλίο |
| Γλώσσα: | Greek |
| Δημοσίευση: |
Αθήνα :
Αγροτική Τράπεζα Ελλάδος,
1985
|
| Σειρά: | Ειδικές επιστημονικές μελέτες ;
; 1 |
| Θέματα: | |
| Ετικέτες: |
Προσθήκη ετικέτας
Δεν υπάρχουν, Καταχωρήστε ετικέτα πρώτοι!
|
MARC
| LEADER | 00000nam a2200000 i 4500 | ||
|---|---|---|---|
| 001 | 1/60225 | ||
| 008 | 960502s1985 gre d | ||
| 035 | |l 10028678 | ||
| 040 | |a GR-MY-UA |b gre |e aacr | ||
| 041 | 0 | |a gre | |
| 082 | 0 | |a 338.5212 | |
| 100 | 1 | |a Σαπουνάς, Γιώργος Σ. | |
| 110 | 2 | |a Αγροτική Τράπεζα της Ελλάδος. | |
| 245 | 1 | 0 | |a Εφαρμοσμένη ανάλυση της ζήτησης : |b θεωρία, μέθοδοι και εφαρμογές / |c Γιώργος Σ. Σάπουνας |
| 260 | |a Αθήνα : |b Αγροτική Τράπεζα Ελλάδος, |c 1985 | ||
| 300 | |a 483 σ. | ||
| 490 | 1 | |a Ειδικές επιστημονικές μελέτες |v ; 1 | |
| 500 | |a Ανω του τίτλου : Αγροτική Τράπεζα της Ελλάδος | ||
| 504 | |a Περιέχει βιβλιογραφία | ||
| 650 | 0 | 0 | |a Demand (Economic theory) |
| 830 | 0 | |a Ειδικές επιστημονικές μελέτες ; |v ; 1 | |
| 852 | |a INST |b CHIOS |e 19960502 |h 338.5212 ΣΑΠ |p 005200005503 |q 005200005503 |t BK |y 0 | ||
| 852 | |a INST |b CHIOS |e 19960723 |h 338.5212 ΣΑΠ |p 005200008930 |q 005200008930 |t BK |y 0 | ||
| 852 | |a INST |b LESVOS |e 19961030 |h 338.5212 ΣΑΠ |p 005100012697 |q 005100012697 |t BK |y 0 | ||
| 909 | |a Χ |b 013438 | ||
| 909 | |a Λ |b 07854 | ||
| 909 | |a Χ |b 007714 | ||